000 00841nam a2200229 4500
003 CO-ViMGA
020 _a9789585762749
040 _aCO-ViMGA
_bspa
_cCO-ViMGA
090 _aP GIL2
100 1 _aGil, Carmen,
_d1962 -
_98115
245 1 0 _aRíe el cielo de contento, con sol, lluvia, nieve o viento /
_cCarmen Gil ; ilustraciones Rocio Bonilla
260 _aBogotá :
_bPromolibro,
_c2016.
300 _a[24] p. :
_bil. , color ; 19 cm
490 _a Plan Nacional de Lectura y Escritura Leer es mi Cuento / Ministerio de Cultura.
500 _aDe 2 a 4 Añosd
650 1 4 _aEstaciones en la literatura
_98117
650 1 4 _aLibos ilustrados para niños
_98118
650 1 4 _aLiteratura infantil española
_ySiglo XX
_97894
650 1 4 _aPoesía infantil española
_ySiglo XX
_98116
700 1 _aBonilla, Rocio,
_eil.
_98119
942 _2ddc
_cBK
999 _c7752
_d7752